000 01127nam a2200217 a 4500
008 120416s1976 ||||||||||||||||| || u
020 _a0316563048
050 _aLC 5219 Mac
100 _aMcNeil, John D
245 1 0 _aDesigning curriculum
246 _aself instructional modules
260 _aBoston
_bLittle, Brown and Company
_c1976
300 _a(6), 138p.
350 _a0.00
650 _aDESIGNING CURRICULUM
650 0 _aEDUCATIONAL TESTS AND MEASUREMENTS
995 _aANNEX COLLECTION (Main Library)
_D0.00
_e713368
_FCBU-MAIN LIBRARY (Kitwe)
_H1
_I6.95
_jLC 5219 Mac
_M1
_UAVAILABLE
_y009262
_ZAnnex Low-Usage Collection
995 _aMAIN LIBRARY OPEN ACCESS
_D0.00
_e713371
_FCBU-MAIN LIBRARY (Kitwe)
_H3
_I6.95
_jLC 5219 Mac
_M3
_UAVAILABLE
_y009259
_ZMain Library Open Access Collection
995 _aMAIN LIBRARY OPEN ACCESS
_D0.00
_e713370
_FCBU-MAIN LIBRARY (Kitwe)
_H4
_I6.95
_jLC 5219 Mac
_M4
_UAVAILABLE
_y009260
_ZMain Library Open Access Collection
995 _aANNEX COLLECTION (Main Library)
_D0.00
_e713369
_FCBU-MAIN LIBRARY (Kitwe)
_H2
_I6.95
_jLC 5219 Mac
_M2
_UAVAILABLE
_WNov 22, 2006
_y009261
_ZAnnex Low-Usage Collection
999 _c63460
_d63460